| 000 | 00980nas a2200253 454500 | ||
|---|---|---|---|
| 001 | 26145 | ||
| 005 | 20260407193506.0 | ||
| 008 | 260407s2006####ag###########|||spa#d | ||
| 003 | AR-UNSa-BCEJYS | ||
| 040 |
_aAR-UNSa-BCEJYS _bspa _cAR-UNSa-BCEJYS |
||
| 080 |
_a341 _xDerecho internacional |
||
| 245 | 1 | 0 | _aCuaderno de derecho internacional |
| 022 | _a2314-1905 | ||
| 264 | 1 |
_aCórdoba : _bAcademia Nacional de Derecho y Ciencias Sociales de Córdoba _c2006 |
|
| 310 | _aFrecuencia: Anual | ||
| 942 | _cSER | ||
| 590 | _aniveau_biblio:s niveau_hierar:1 | ||
| 100 | 1 | _aAcademia Nacional de Derecho y Ciencias Sociales de Córdoba. Instituto de Derecho Internacional Público y Derecho de la Integración | |
| 700 | 1 | _aRey Caro, Ernesto J. | |
| 650 | _aDerecho | ||
| 650 | _aConflictos internacionales | ||
| 650 | _aDerecho internacional | ||
| 856 | 4 | 1 |
_uhttps://biblioeco.unsa.edu.ar/pmb/images/revistas/Cuaderno de Derecho Internacional numero2.jpg _yImagen de portada _qimage/jpeg |
| 999 |
_c8596 _d8596 |
||